Základy matematické analýzy na varietách
| Hlavní autor: | Kowalski, Oldřich, 1936-2021 |
|---|---|
| Jazyk: | Čeština |
| Vydáno: |
Praha, 1975 |
|
| LEADER | 00512nam a22001692a 4500 | ||
|---|---|---|---|
| 001 | 000186374 | ||
| 003 | CZ BrMZK | ||
| 005 | 19961101143423.0 | ||
| 007 | ta | ||
| 008 | 950101s1975 xr f cze d | ||
| 040 | |a BOA001 |b cze | ||
| 100 | 1 | |a Kowalski, Oldřich, |d 1936-2021 |7 jk01062536 | |
| 245 | 1 | 0 | |a Základy matematické analýzy na varietách |
| 260 | |a Praha, |c 1975 | ||
| 910 | |a BOA001 |b 4-0712.768-75 | ||
| 990 | |a BK | ||
| 996 | 7 | |b 2619946225 |c 4-0712.768-75 |l MZK |r Sklad / do 1 hodiny |n 24 |w 000186374 |u 000010 |a 1 |e BOA001 |j MZK50 |s A | |
English
Čeština 